Number Memory Minefield Quiz Stats

 Plays Quiz Updated Sep 24, 2013

Support Sporcle.
Go Orange.
Score 0/102 Timer 10:00
1 Play Today
% Correct
???
96.7%
???
88.5%
???
77.4%
???
70.5%
???
58.4%
???
55.8%
???
48.3%
???
43.5%
???
36.4%
???
32%
???
30%
???
28.3%
???
27.4%
???
25.6%
???
24%
???
22.3%
???
21.7%
???
21.1%
???
20.4%
???
19.6%
???
19.1%
???
18.5%
???
18%
???
17.8%
???
17.4%
???
17.1%
???
16.7%
???
16.4%
???
16%
???
15.6%
???
15.3%
???
14.8%
???
14.5%
???
14.3%
% Correct
???
14.1%
???
13.7%
???
13.5%
???
13.2%
???
13%
???
12.8%
???
12.6%
???
12.5%
???
12.3%
???
12.3%
???
12.1%
???
11.9%
???
11.8%
???
11.7%
???
11.5%
???
11.3%
???
11.2%
???
11.1%
???
11%
???
10.8%
???
10.6%
???
10.5%
???
10.3%
???
10.1%
???
9.9%
???
9.8%
???
9.6%
???
9.5%
???
9.4%
???
9.3%
???
9.2%
???
9.2%
???
9.1%
???
9%
% Correct
???
8.9%
???
8.8%
???
8.7%
???
8.7%
???
8.6%
???
8.6%
???
8.5%
???
8.5%
???
8.4%
???
8.3%
???
8.2%
???
8.1%
???
8%
???
8%
???
7.9%
???
7.8%
???
7.7%
???
7.7%
???
7.6%
???
7.6%
???
7.5%
???
7.5%
???
7.4%
???
7.3%
???
7.3%
???
7.2%
???
7.2%
???
7.1%
???
7%
???
7%
???
7%
???
6.9%
???
6.9%
???
6.9%

You're not logged in!

Compare scores with friends on all Sporcle quizzes.
OR
Log In

From the Vault

1-10 ^ 1-10

by White

This is one of those quizzes that reminds me why I don't work at NASA.
Remove Ads.
Support Sporcle.
Get the best of Sporcle when you Go Orange. This ad-free experience offers more features, more stats, and more fun while also helping to support Sporcle. Thank you for becoming a member.

Show Comments

Extras

Top Quizzes Today


Score Distribution

Your Account Isn't Verified!

In order to create a playlist on Sporcle, you need to verify the email address you used during registration. Go to your Sporcle Settings to finish the process.

Report this User

Report this user for behavior that violates our Community Guidelines.

Details: